| 000 | 00674nam a2200229Ia 4500 | ||
|---|---|---|---|
| 003 | EC-GqESP | ||
| 005 | 20250527101335.0 | ||
| 008 | 250527s9999 xx 000 0 und d | ||
| 020 | _a978-1-449-30214-6 | ||
| 041 | _hENG | ||
| 082 | _a005.12 | ||
| 100 | _aWhite, Elecia | ||
| 245 | 0 | _aMaking Embedded Systems: Design Patterns for Great Software | |
| 250 | _aFirst Edition | ||
| 260 |
_aUnited States of América _bO´Reilly _c2012 |
||
| 300 |
_a310 p. _c24X18.5 cm. _bTablas de contenido, prefacio |
||
| 500 | _aTabla de Contenido, índice | ||
| 650 | _aDesarrollo de Software | ||
| 650 | _aDiseño de Software | ||
| 650 | _aSistemas Integrados | ||
| 942 | _c01 | ||
| 999 |
_c237945 _d237945 |
||